| 000 | 00747nam a2200253 a 4500 | ||
|---|---|---|---|
| 005 | 20210219152935.0 | ||
| 008 | 991125n 000 0 eng u | ||
| 035 | _aUPN01000067918 | ||
| 100 | _aBebout, Harriett C. | ||
| 222 | _aURBAN EDUCATION | ||
| 245 | _aA collaboration to restructure mathematics and science teacher education | ||
| 300 | _a248-262 | ||
| 362 | _a1992 27, no. 3 | ||
| 653 | 0 | _aCOOPERACION DE LA ESCUELA | |
| 653 | 0 | _aEDUCACION CIENTIFICA | |
| 653 | 0 | _aENSE\197ANZA DEL ESTUDIANTE | |
| 653 | 0 | _aENSE\197ANZA MATEMATICA | |
| 653 | 0 | _aEXPERIENCIA EN PROGRAMAS DE CAMPO | |
| 653 | 0 | _aINNOVACION EDUCATIVA | |
| 700 | _aJones, Karen | ||
| 700 | _aRaftery, Kathryn V. | ||
| 904 |
_aAC _b005729 |
||
| 905 | _aArticulo | ||
| 999 |
_c64251 _d64251 |
||